Chemical process hazards with special reference to plant design : 7th international symposium organised by the North-Western Branch of the Institution of Chemical Engineers at the University of Manchester Institute of Science and Technology, 1-3 April 1980.

Guardado en:
Autores Corporativos: International symposium University of Manchester), Institution of Chemical Engineers (Great Britain). North Western Branch.
Formato: Libro
Idioma:English
Publicado: Rugby : The Institution, 1980.
Series:EFCE publication series ; no. 8
Materias:
Etiquetas: Agregar Etiqueta
Sin Etiquetas, Sea el primero en etiquetar este registro!
LEADER 01754cam a22003735a 4500
001 EIQ.libpla002029
008 810312s1980####enka#####b####100#0#eng#d
005 20070328194154.0
245 1 0 |a Chemical process hazards with special reference to plant design :  |b 7th international symposium organised by the North-Western Branch of the Institution of Chemical Engineers at the University of Manchester Institute of Science and Technology, 1-3 April 1980. 
260 |a Rugby :  |b The Institution,  |c 1980. 
300 |a [3], 304 p. :  |b il. ;  |c 22 cm. 
440 0 |a EFCE publication series ;  |v no. 8 
490 1 |a IChemE symposium series ;  |v no. 58,  |x 0307-0492 
500 |a "EFCE event no. 230." 
504 |a Incluye referencias bibliográficas. 
020 |a 0852951205 
111 2 |a International symposium  |n (7th :  |d 1980 :  |c University of Manchester) 
710 2 |a Institution of Chemical Engineers (Great Britain).  |b North Western Branch. 
810 2 |a Institution of Chemical Engineers, London.  |t I.Chem.E. symposium series ;  |v no. 58. 
082 0 0 |a 660.2/804  |2 19 
650 4 |a Industria química  |x Congresos. 
650 4 |a Industria química  |x Medidas de seguridad. 
650 4 |a Fábricas de productos químicos  |x Congresos. 
650 4 |a Fábricas de productos químicos  |x Congresos. 
650 4 |a Fábricas de productos químicos  |x Diseño. 
650 4 |a Fábricas de productos químicos  |x Construcción. 
650 4 |a Chemical plants  |x Congresses. 
650 4 |a Chemical industry  |x Congresses. 
650 4 |a Chemical industry  |x Safety measures. 
650 4 |a Chemical plants  |x Design. 
650 4 |a Chemical plants  |x Construction. 
010 |a  81456207  
040 |a DLC  |c DLC  |d AR-BbSID 
859 |a AR-BbSID  |b BIB. PLAPIQUI  |h 660.280 4  |i In 8  |p 2106  |v 58  |3 58